[Event "Cappelle op 29th"]
[Site "Cappelle la Grande"]
[Date "2013.03.01"]
[Round "8"]
[White "Bacon, Nicolas"]
[Black "Monroy, Charles"]
[Result "0-1"]
[WhiteElo "2201"]
[BlackElo "2443"]
[PlyCount "52"]
[EventDate "2013.02.23"]
[EventType "swiss"]
[EventRounds "9"]
[EventCountry "FRA"]
[SourceTitle "CBM 153 Extra"]
[Source "ChessBase"]
[SourceDate "2013.04.22"]
[SourceVersion "1"]
[SourceVersionDate "2013.04.22"]
[SourceQuality "1"]

1. e4 c5 2. Nf3 e6 3. d4 cxd4 4. Nxd4 a6 5. Nc3 Qc7 6. Be2 b5 7. Be3 Bb7 8. Bf3 Nc6 9. Nxc6 dxc6 10. 0-0 Nf6 11. a4 Bd6 12. axb5 cxb5 13. h3 0-0 14. Qe2 Be5 15. Bd2 Nd7 16. Rfc1 Nb6 17. Nd1 Nc4 18. Bb4 Rfd8 19. Ra2 a5 20. Bc3 Bf4 21. Rca1 b4 22. e5 Rac8 23. Bxb7 Qxb7 24. g3 Bd2 25. Bxd2 Rxd2 26. Qe1 Rcd8 0-1

[Event "EU-ch 12th"]
[Site "Aix les Bains"]
[Date "2011.04.01"]
[Round "10"]
[White "Haznedaroglu, Kivanc"]
[Black "Bacon, Nicolas"]
[Result "1-0"]
[WhiteElo "2440"]
[BlackElo "2177"]
[PlyCount "67"]
[EventDate "2011.03.22"]
[EventType "swiss"]
[EventRounds "11"]
[EventCountry "FRA"]
[SourceTitle "CBM 142 Extra"]
[Source "ChessBase"]
[SourceDate "2011.06.27"]
[SourceVersion "1"]
[SourceVersionDate "2011.06.27"]
[SourceQuality "1"]

1. e4 c5 2. Nf3 Nc6 3. d4 cxd4 4. Nxd4 e5 5. Nb5 d6 6. N1c3 a6 7. Na3 b5 8. Nd5 Nge7 9. c4 Nd4 10. Bd3 Nxd5 11. cxd5 g6 12. Nc2 Nxc2+ 13. Qxc2 Bd7 14. Bd2 Bg7 15. Qb3 Qb6 16. a4 0-0 17. axb5 axb5 18. 0-0 f5 19. Be3 Qb7 20. f3 f4 21. Bf2 Bf6 22. Rfc1 Rxa1 23. Rxa1 Ra8 24. Ra3 Bd8 25. g3 g5 26. Rxa8 Qxa8 27. Bxb5 Bh3 28. Qa3 Qxa3 29. bxa3 Kf8 30. g4 h5 31. gxh5 Ba5 32. Ba7 Be1 33. Bb8 g4 34. Bxd6+ 1-0

[Event "EU-ch 12th"]
[Site "Aix les Bains"]
[Date "2011.03.30"]
[Round "8"]
[White "Petre, Nad Titus"]
[Black "Bacon, Nicolas"]
[Result "0-1"]
[WhiteElo "2377"]
[BlackElo "2177"]
[PlyCount "68"]
[EventDate "2011.03.22"]
[EventType "swiss"]
[EventRounds "11"]
[EventCountry "FRA"]
[SourceTitle "CBM 142 Extra"]
[Source "ChessBase"]
[SourceDate "2011.06.27"]
[SourceVersion "1"]
[SourceVersionDate "2011.06.27"]
[SourceQuality "1"]

1. c4 Nf6 2. Nc3 c6 3. e4 e5 4. d4 Bb4 5. a3 Bxc3+ 6. bxc3 Qa5 7. Nf3 Nxe4 8. Qd3 0-0 9. dxe5 d5 10. Bd2 Na6 11. cxd5 Nac5 12. Qc4 cxd5 13. Qb4 Qc7 14. Be3 a5 15. Qb2 Bg4 16. Bb5 a4 17. h3 Bd7 18. 0-0 Nb3 19. Bxd7 Nxa1 20. e6 Nb3 21. exf7+ Kxf7 22. Bxa4 Rxa4 23. Qxb3 Rc4 24. Bb6 Qe7 25. Bd4 Kg8 26. Ne5 Nd2 27. Qb5 Rxd4 28. cxd4 Nxf1 29. Qxd5+ Kh8 30. Kxf1 g6 31. a4 Kg7 32. Ng4 Rd8 33. Qc4 Qd6 34. Qb5 Qa6 0-1

[Event "EU-ch 12th"]
[Site "Aix les Bains"]
[Date "2011.03.23"]
[Round "2"]
[White "Papin, Vasily"]
[Black "Bacon, Nicolas"]
[Result "1-0"]
[WhiteElo "2569"]
[BlackElo "2177"]
[PlyCount "45"]
[EventDate "2011.03.22"]
[EventType "swiss"]
[EventRounds "11"]
[EventCountry "FRA"]
[SourceTitle "CBM 142 Extra"]
[Source "ChessBase"]
[SourceDate "2011.06.27"]
[SourceVersion "1"]
[SourceVersionDate "2011.06.27"]
[SourceQuality "1"]

1. d4 d5 2. Nf3 Nf6 3. c4 c6 4. Qc2 e6 5. Bg5 h6 6. Bh4 Nbd7 7. e3 Qa5+ 8. Nfd2 g5 9. Bg3 Ne4 10. Nc3 Nxg3 11. hxg3 Bg7 12. Bd3 0-0 13. f4 Re8 14. 0-0-0 b5 15. Nb3 Qc7 16. cxd5 exd5 17. Nxb5 Qb6 18. Nd6 Rxe3 19. Nf5 gxf4 20. Nxh6+ Bxh6 21. Rxh6 Rxg3 22. Qe2 Nf8 23. Qe5 1-0

[Event "Pobeskydy ArcelorMittal op"]
[Site "Frydek Mistek"]
[Date "2009.04.13"]
[Round "9"]
[White "Vyparina, Matej"]
[Black "Bacon, Nicolas"]
[Result "1/2-1/2"]
[WhiteElo "2209"]
[BlackElo "2186"]
[PlyCount "35"]
[EventDate "2009.04.09"]
[EventType "swiss"]
[EventRounds "9"]
[EventCountry "CZE"]
[SourceTitle "CBM 129 Extra"]
[Source "ChessBase"]
[SourceDate "2009.05.05"]
[SourceVersion "2"]
[SourceVersionDate "2009.05.20"]
[SourceQuality "1"]

1. e4 c5 2. Nf3 e6 3. c4 d6 4. d4 cxd4 5. Nxd4 e5 6. Nc2 f5 7. exf5 Bxf5 8. Nc3 Be7 9. Bd3 Be6 10. Qh5+ Bf7 11. Qe2 Nc6 12. 0-0 Nf6 13. Bg5 Nh5 14. Bxe7 Qxe7 15. Nd5 Bxd5 16. Qxh5+ Bf7 17. Qh3 Be6 18. Qh5+ 1/2-1/2

[Event "Pobeskydy ArcelorMittal op"]
[Site "Frydek Mistek"]
[Date "2009.04.12"]
[Round "7"]
[White "Jurcisin, Imrich"]
[Black "Bacon, Nicolas"]
[Result "1/2-1/2"]
[WhiteElo "2045"]
[BlackElo "2186"]
[PlyCount "98"]
[EventDate "2009.04.09"]
[EventType "swiss"]
[EventRounds "9"]
[EventCountry "CZE"]
[SourceTitle "CBM 129 Extra"]
[Source "ChessBase"]
[SourceDate "2009.05.05"]
[SourceVersion "2"]
[SourceVersionDate "2009.05.20"]
[SourceQuality "1"]

1. e4 c5 2. Nf3 e6 3. d4 cxd4 4. Nxd4 Nf6 5. Nc3 d6 6. Be3 Be7 7. Be2 Nc6 8. 0-0 0-0 9. f4 e5 10. Nxc6 bxc6 11. fxe5 dxe5 12. Qxd8 Rxd8 13. Rad1 Be6 14. Rxd8+ Bxd8 15. Ba6 Rb8 16. Rd1 Ba5 17. Na4 Nxe4 18. Bxa7 Ra8 19. Bb6 f5 20. Bd3 Bxb6+ 21. Nxb6 Rxa2 22. Nc4 Bd5 23. Nxe5 Rxb2 24. c4 Nc3 25. Ra1 Rxg2+ 26. Kf1 Ra2 27. Rxa2 Nxa2 28. cxd5 cxd5 29. Bxf5 Nb4 30. Ke2 g6 31. Be6+ Kg7 32. Nd7 Kh6 33. Ke3 Kg5 34. Nb6 Kh4 35. Nd7 Kg5 36. Nf8 Kf6 37. Bc8 h6 38. Bb7 Kf7 39. Nd7 Ke6 40. Bc8 g5 41. Nc5+ Ke5 42. Nb3 Nc2+ 43. Kf2 Kf4 44. Be6 Nb4 45. Bf7 Nd3+ 46. Ke2 Ne5 47. Bxd5 Ng4 48. h3 Nf6 49. Be6 g4 1/2-1/2

[Event "Pobeskydy ArcelorMittal op"]
[Site "Frydek Mistek"]
[Date "2009.04.11"]
[Round "6"]
[White "Bacon, Nicolas"]
[Black "Zavadil, Michal"]
[Result "1/2-1/2"]
[WhiteElo "2186"]
[BlackElo "2039"]
[PlyCount "85"]
[EventDate "2009.04.09"]
[EventType "swiss"]
[EventRounds "9"]
[EventCountry "CZE"]
[SourceTitle "CBM 129 Extra"]
[Source "ChessBase"]
[SourceDate "2009.05.05"]
[SourceVersion "2"]
[SourceVersionDate "2009.05.20"]
[SourceQuality "1"]

1. e4 b6 2. Bc4 Bb7 3. Nc3 e6 4. Nf3 d5 5. exd5 exd5 6. Bb5+ c6 7. Be2 Bd6 8. d4 Ne7 9. Bg5 0-0 10. Qd2 Qc7 11. Bd3 Ng6 12. Ne2 Re8 13. Kf1 Ba6 14. h4 Bxd3 15. Qxd3 f6 16. h5 Nf8 17. Be3 Qe7 18. Rh4 a5 19. g3 Ra7 20. Kg2 Qf7 21. Rah1 Ree7 22. Nf4 Re4 23. c3 Nbd7 24. R1h3 Bxf4 25. Bxf4 Qe6 26. Be3 Qf7 27. Nd2 Re7 28. g4 Qe6 29. Rg3 Qd6 30. Rhh3 Ne6 31. Qf5 Nef8 32. Nf3 Qe6 33. Nh4 b5 34. g5 Ra8 35. Qf3 fxg5 36. Rxg5 Rf7 37. Rf5 Nf6 38. Rg3 Qe4 39. Qxe4 Nxe4 40. Rgf3 Raa7 41. Rxf7 Rxf7 42. Nf5 Ne6 43. Nh4 1/2-1/2

[Event "Pobeskydy ArcelorMittal op"]
[Site "Frydek Mistek"]
[Date "2009.04.11"]
[Round "5"]
[White "Jacko, Vladimir"]
[Black "Bacon, Nicolas"]
[Result "0-1"]
[WhiteElo "2032"]
[BlackElo "2186"]
[PlyCount "68"]
[EventDate "2009.04.09"]
[EventType "swiss"]
[EventRounds "9"]
[EventCountry "CZE"]
[SourceTitle "CBM 129 Extra"]
[Source "ChessBase"]
[SourceDate "2009.05.05"]
[SourceVersion "2"]
[SourceVersionDate "2009.05.20"]
[SourceQuality "1"]

1. e4 c5 2. Nf3 e6 3. d4 cxd4 4. Nxd4 Nf6 5. Nc3 d6 6. g4 h6 7. h3 Be7 8. Bg2 Nc6 9. Be3 Ne5 10. Qe2 g5 11. 0-0-0 a6 12. f4 gxf4 13. Bxf4 Nfd7 14. Kb1 b5 15. Qf2 Bb7 16. Rhf1 Qc7 17. Qg3 0-0-0 18. Qe3 Bf8 19. Nf3 Nc4 20. Qe1 Bg7 21. Bc1 Na3+ 22. bxa3 Bxc3 23. Qe3 Nb6 24. Nd4 Na4 25. Rd3 Kb8 26. Bd2 Rc8 27. Bxc3 Nxc3+ 28. Ka1 Qc4 29. Nb3 Rc7 30. Rxd6 Rhc8 31. Rf2 Qa4 32. Kb2 b4 33. axb4 Qxa2+ 34. Kc1 Qb1+ 0-1

[Event "Pobeskydy ArcelorMittal op"]
[Site "Frydek Mistek"]
[Date "2009.04.10"]
[Round "4"]
[White "Bacon, Nicolas"]
[Black "Pilch, Roman"]
[Result "1/2-1/2"]
[WhiteElo "2186"]
[BlackElo "2038"]
[PlyCount "67"]
[EventDate "2009.04.09"]
[EventType "swiss"]
[EventRounds "9"]
[EventCountry "CZE"]
[SourceTitle "CBM 129 Extra"]
[Source "ChessBase"]
[SourceDate "2009.05.05"]
[SourceVersion "2"]
[SourceVersionDate "2009.05.20"]
[SourceQuality "1"]

1. e4 c5 2. Nf3 d6 3. d4 cxd4 4. Nxd4 Nf6 5. Nc3 g6 6. Be2 Bg7 7. 0-0 0-0 8. Re1 Nc6 9. Nb3 Be6 10. Bf1 Na5 11. e5 Ne8 12. exd6 Nxd6 13. Nc5 Bc4 14. Bg5 Re8 15. Bxc4 Bxc3 16. bxc3 Naxc4 17. Qd5 b6 18. Bxe7 Rxe7 19. Rxe7 bxc5 20. Rae1 a5 21. h4 Qf8 22. h5 Rd8 23. Qc6 Rc8 24. Qa4 Rb8 25. Qc6 Rc8 26. Qd7 Rd8 27. Qc6 Rc8 28. Qa4 Rb8 29. g3 Rc8 30. Kg2 Rb8 31. hxg6 hxg6 32. R7e2 Qc8 33. Re7 Qf8 34. Qd7 1/2-1/2

[Event "Pobeskydy ArcelorMittal op"]
[Site "Frydek Mistek"]
[Date "2009.04.09"]
[Round "2"]
[White "Bacon, Nicolas"]
[Black "Mouryc, Tomas"]
[Result "0-1"]
[WhiteElo "2186"]
[BlackElo "1992"]
[PlyCount "146"]
[EventDate "2009.04.09"]
[EventType "swiss"]
[EventRounds "9"]
[EventCountry "CZE"]
[SourceTitle "CBM 129 Extra"]
[Source "ChessBase"]
[SourceDate "2009.05.05"]
[SourceVersion "2"]
[SourceVersionDate "2009.05.20"]
[SourceQuality "1"]

1. d4 d5 2. c4 c6 3. Nc3 Nf6 4. Nf3 e6 5. e3 Nbd7 6. Qc2 a6 7. Bd2 dxc4 8. Bxc4 b5 9. Be2 Bb7 10. 0-0 c5 11. Rfd1 Rc8 12. dxc5 Bxc5 13. a3 0-0 14. b4 Be7 15. Qb3 Nd5 16. Rac1 Bf6 17. Ne4 Rxc1 18. Nxf6+ N7xf6 19. Bxc1 Qe7 20. Bb2 Rc8 21. Bd4 Ne4 22. Bd3 Nec3 23. Re1 Na4 24. Qb1 h6 25. Qa1 f6 26. Nh4 Qc7 27. Qd1 e5 28. Ba1 Rd8 29. Qg4 Ne7 30. Qe6+ Kf8 31. Bh7 Qc4 32. Qxc4 bxc4 33. Bc2 Nb6 34. e4 Rd2 35. Rc1 Nc6 36. Bc3 Rd7 37. Kf1 Nd4 38. Bb1 Nb3 39. Re1 Na4 40. Bxe5 fxe5 41. Ng6+ Ke8 42. Nxe5 Rd4 43. Bc2 Nb6 44. Kg1 Nd2 45. f3 c3 46. Re3 Ndc4 47. Nxc4 Rxc4 48. Kf2 Bc8 49. Ke2 Bd7 50. Kd3 Rc7 51. Bb3 Ba4 52. Bxa4+ Nxa4 53. Kc2 Ke7 54. Re2 Kd6 55. Kb3 Nb2 56. Rc2 Nd1 57. g3 Ke5 58. Rc1 Ne3 59. Rxc3 Rxc3+ 60. Kxc3 Nf1 61. Kd3 Nxh2 62. a4 Nxf3 63. Kc4 Nd4 64. Kc5 h5 65. Kb6 g5 66. b5 axb5 67. a5 b4 68. a6 b3 69. a7 b2 70. a8Q b1Q+ 71. Kc7 Ne6+ 72. Kd7 Qd3+ 73. Ke7 Qd8+ 0-1

[Event "FRA-chT1B 0809"]
[Site "France"]
[Date "2008.12.14"]
[Round "5.4"]
[White "Bacon, Nicolas"]
[Black "Levasseur, Philippe"]
[Result "0-1"]
[WhiteElo "2222"]
[BlackElo "2188"]
[PlyCount "90"]
[EventDate "2008.10.19"]
[EventType "tourn"]
[EventRounds "11"]
[EventCountry "FRA"]
[SourceTitle "EXT 2010"]
[Source "ChessBase"]
[SourceDate "2010.11.25"]
[SourceVersion "1"]
[SourceVersionDate "2010.11.25"]
[SourceQuality "1"]
[WhiteTeam "Gonfreville"]
[BlackTeam "Sautron"]
[WhiteTeamCountry "FRA"]
[BlackTeamCountry "FRA"]

1. e4 e6 2. d4 d5 3. Nd2 Be7 4. Ngf3 Nf6 5. Bd3 c5 6. e5 Nfd7 7. dxc5 Nxc5 8. 0-0 Nc6 9. Qe2 0-0 10. Nb3 b6 11. Nxc5 bxc5 12. c4 f6 13. exf6 Bxf6 14. cxd5 exd5 15. Qc2 c4 16. Bxh7+ Kh8 17. Re1 Bg4 18. Qg6 Qd7 19. h4 Bxf3 20. gxf3 Qh3 21. Qh5 Qxh4 22. Bg6+ Qxh5 23. Bxh5 Ne5 24. Kg2 g6 25. Bg4 Kg7 26. Be6 Rad8 27. Rb1 g5 28. f4 Nd3 29. fxg5 Be5 30. f3 Bf4 31. Bg4 Nxc1 32. Rbxc1 Bxc1 33. Rxc1 Kg6 34. Rd1 Kxg5 35. Be6 Kf4 36. Rxd5 Rxd5 37. Bxd5 Rc8 38. Kf2 Ke5 39. Bf7 Kd4 40. Ke2 Rh8 41. Kd2 Rh2+ 42. Kc1 Rh3 43. Bg6 Rxf3 44. Kc2 Rf2+ 45. Kc1 c3 0-1

[Event "FRA-chT2 West 0708"]
[Site "France"]
[Date "2008.04.06"]
[Round "11.2"]
[White "Bacon, Nicolas"]
[Black "Marcantoni, Herve"]
[Result "1-0"]
[WhiteElo "2246"]
[BlackElo "2206"]
[PlyCount "53"]
[EventDate "2007.10.21"]
[EventType "team-tourn"]
[EventRounds "11"]
[EventCountry "FRA"]
[SourceTitle "EXT 2009"]
[Source "ChessBase"]
[SourceDate "2008.11.26"]
[SourceVersion "1"]
[SourceVersionDate "2008.11.26"]
[SourceQuality "1"]
[WhiteTeam "Gonfreville II"]
[BlackTeam "Cergy Pontoise"]
[WhiteTeamCountry "FRA"]
[BlackTeamCountry "FRA"]

1. e4 d6 2. d4 g6 3. Nc3 Bg7 4. Be3 a6 5. f4 b5 6. Bd3 b4 7. Nce2 Nf6 8. Nf3 Bb7 9. Ng3 Nbd7 10. 0-0 0-0 11. Kh1 c5 12. c3 bxc3 13. bxc3 Qc7 14. Rc1 a5 15. Qe2 a4 16. Ng5 e6 17. e5 Ne8 18. f5 exf5 19. e6 Ndf6 20. exf7+ Rxf7 21. Nxf7 Kxf7 22. dxc5 dxc5 23. Bc4+ Nd5 24. Rcd1 Nef6 25. Ne4 Nxe4 26. Rxd5 Kf8 27. Bxc5+ 1-0

[Event "FRA-chT2 West 0708"]
[Site "France"]
[Date "2008.02.10"]
[Round "7.5"]
[White "Le Borgne, Pierre"]
[Black "Bacon, Nicolas"]
[Result "0-1"]
[WhiteElo "2224"]
[BlackElo "2270"]
[PlyCount "90"]
[EventDate "2007.10.21"]
[EventType "team-tourn"]
[EventRounds "11"]
[EventCountry "FRA"]
[SourceTitle "EXT 2009"]
[Source "ChessBase"]
[SourceDate "2008.11.26"]
[SourceVersion "1"]
[SourceVersionDate "2008.11.26"]
[SourceQuality "1"]
[WhiteTeam "Lisieux"]
[BlackTeam "Gonfreville II"]
[WhiteTeamCountry "FRA"]
[BlackTeamCountry "FRA"]

1. e4 c5 2. Nf3 Nc6 3. Bb5 Nf6 4. Bxc6 bxc6 5. d3 g6 6. 0-0 Bg7 7. h3 0-0 8. c4 d6 9. Nc3 e5 10. Be3 a5 11. Qd2 Nh5 12. g4 f5 13. Bg5 Nf6 14. Nh2 f4 15. f3 Qe8 16. Na4 Nd7 17. Bh4 Bf6 18. Bf2 Qe7 19. Kg2 Bh4 20. Bxh4 Qxh4 21. Qf2 Qe7 22. Rh1 Rf7 23. h4 h6 24. Nf1 Nf8 25. h5 g5 26. Nd2 Qc7 27. Rab1 Ne6 28. Nc3 Rb8 29. Ne2 Qd8 30. Qe1 Rfb7 31. b3 Nc7 32. Nf1 Be6 33. Nh2 Rb4 34. Qc3 a4 35. Nc1 Bc8 36. a3 R4b7 37. b4 Ne6 38. Rb2 Nd4 39. Rb1 Qb6 40. Ne2 Nb3 41. Nf1 cxb4 42. axb4 Qxb4 43. Qxb4 Rxb4 44. Nd2 R8b7 45. Nxb3 a3 0-1

[Event "FRA-chT2 West 0708"]
[Site "France"]
[Date "2007.11.24"]
[Round "2.3"]
[White "Le Quang, Kim"]
[Black "Bacon, Nicolas"]
[Result "0-1"]
[WhiteElo "2278"]
[BlackElo "2261"]
[PlyCount "70"]
[EventDate "2007.10.21"]
[EventType "team-tourn"]
[EventRounds "11"]
[EventCountry "FRA"]
[SourceTitle "EXT 2009"]
[Source "ChessBase"]
[SourceDate "2008.11.26"]
[SourceVersion "1"]
[SourceVersionDate "2008.11.26"]
[SourceQuality "1"]
[WhiteTeam "Bagneux"]
[BlackTeam "Gonfreville II"]
[WhiteTeamCountry "FRA"]
[BlackTeamCountry "FRA"]

1. e4 c5 2. Nf3 Nc6 3. d4 cxd4 4. Nxd4 Qb6 5. Nb3 Nf6 6. Nc3 e6 7. Bd3 a6 8. 0-0 d6 9. Be3 Qc7 10. f4 b5 11. a3 Be7 12. Qf3 Bb7 13. Kh1 h5 14. Bg1 Ng4 15. a4 b4 16. Nd1 g5 17. Nd4 gxf4 18. Qxf4 Bf6 19. Nxc6 Bxc6 20. c3 bxc3 21. Nxc3 Qe7 22. a5 Be5 23. Qf3 f5 24. Rad1 Qh4 25. g3 Qe7 26. Nd5 Qb7 27. Nb6 h4 28. gxh4 Nf6 29. Rc1 fxe4 30. Qg2 Rg8 31. Rxf6 Rxg2 32. Rxe6+ Kd8 33. Rf1 Rxh2+ 34. Bxh2 exd3+ 35. Kg1 Qg7+ 0-1

[Event "FRA-chT2 North 0607"]
[Site "France"]
[Date "2006.11.25"]
[Round "2.2"]
[White "Bacon, Nicolas"]
[Black "Courrier, Arnaud"]
[Result "1-0"]
[WhiteElo "2190"]
[BlackElo "2163"]
[PlyCount "119"]
[EventDate "2006.10.15"]
[EventType "team-tourn"]
[EventRounds "11"]
[EventCountry "FRA"]
[SourceTitle "EXT 2008"]
[Source "ChessBase"]
[SourceDate "2007.11.25"]
[SourceVersion "1"]
[SourceVersionDate "2007.11.25"]
[SourceQuality "1"]
[WhiteTeam "Gonfreville II"]
[BlackTeam "Evry Grand Roque III"]
[WhiteTeamCountry "FRA"]
[BlackTeamCountry "FRA"]

1. Nf3 f5 2. d3 Nf6 3. e4 d6 4. exf5 Bxf5 5. d4 c6 6. Nc3 Qc7 7. Bd3 Bg4 8. h3 Bxf3 9. Qxf3 Nbd7 10. Bf4 e5 11. dxe5 dxe5 12. Be3 Bb4 13. 0-0 Bxc3 14. bxc3 0-0 15. Qg3 Kh8 16. Rab1 c5 17. Rfd1 b6 18. Qh4 Rae8 19. Bg5 Re6 20. Rd2 e4 21. Bc4 Re7 22. Rbd1 Ne5 23. Bxf6 gxf6 24. Qxe4 Nxc4 25. Qxc4 Rfe8 26. g3 Re1+ 27. Rxe1 Rxe1+ 28. Kh2 Qc6 29. Rd8+ Re8 30. Rxe8+ Qxe8 31. Qf4 Kg7 32. c4 Qe7 33. h4 h5 34. Qe3 Qd6 35. Qe2 Kh6 36. Qe3+ Kg7 37. Qd3 Qe6 38. Kg2 Qe1 39. Qe3 Qd1 40. Qe7+ Kg6 41. Qe4+ Kh6 42. Qd3 Qg4 43. f3 Qe6 44. Qe4 Qd6 45. Qd5 Qe7 46. Kf2 Qc7 47. Qf5 Qd6 48. Qd3 Qc7 49. Kg2 Qe5 50. g4 Qe1 51. gxh5 f5 52. Qxf5 Qe2+ 53. Kg3 Qe1+ 54. Kg4 Qg1+ 55. Kf4 Qh2+ 56. Ke4 Qxc2+ 57. Ke5 Qc3+ 58. Kd5 Qd2+ 59. Kc6 Kg7 60. Qg5+ 1-0

[Event "FRA-chT2B 0506"]
[Site "France"]
[Date "2006.01.15"]
[Round "6.4"]
[White "Piot, Olivier"]
[Black "Bacon, Nicolas"]
[Result "1-0"]
[WhiteElo "2245"]
[BlackElo "2207"]
[PlyCount "113"]
[EventDate "2005.10.27"]
[EventType "team-tourn"]
[EventRounds "11"]
[EventCountry "FRA"]
[SourceTitle "EXT 2006"]
[Source "ChessBase"]
[SourceDate "2005.11.24"]
[SourceVersion "1"]
[SourceVersionDate "2005.11.24"]
[SourceQuality "1"]
[WhiteTeam "Rosny sous Bois"]
[BlackTeam "Orcher La Tour II"]
[WhiteTeamCountry "FRA"]
[BlackTeamCountry "FRA"]

1. d4 Nf6 2. c4 g6 3. Nc3 Bg7 4. e4 d6 5. Nf3 0-0 6. Be2 e5 7. dxe5 dxe5 8. Qxd8 Rxd8 9. Bg5 Nbd7 10. 0-0-0 Rf8 11. Nd5 c6 12. Ne7+ Kh8 13. Be3 Re8 14. Nxc8 Raxc8 15. g4 Nf8 16. Nd2 Ne6 17. g5 Nd7 18. Bg4 Ndf8 19. Nb3 b6 20. Bxe6 Nxe6 21. Rd7 Rc7 22. Rxc7 Nxc7 23. c5 Ne6 24. Rd1 Nd4 25. h4 Rd8 26. Kb1 bxc5 27. Nxc5 Bf8 28. Nd3 Nf3 29. Kc2 a6 30. Rh1 Kg8 31. Kc3 Be7 32. Rh3 Ng1 33. Rh1 Nf3 34. b4 f6 35. gxf6 Bxf6 36. h5 g5 37. Nc5 Kf7 38. a4 Nd4 39. Nxa6 Ne2+ 40. Kc4 Be7 41. Nc5 Nf4 42. a5 Bxc5 43. Kxc5 Nd3+ 44. Kxc6 Nxb4+ 45. Kc7 Ra8 46. Bb6 Re8 47. Rd1 Kg7 48. Rb1 Na6+ 49. Kb7 Nb8 50. Bc7 Nd7 51. Kc6 Nf6 52. a6 Re6+ 53. Kb7 Nxe4 54. Rb5 Re7 55. Kc8 Re8+ 56. Kb7 Re7 57. Rd5 1-0

[Event "Bethune op 26th"]
[Site "Bethune"]
[Date "2005.12.28"]
[Round "5"]
[White "Bacon, Nicolas"]
[Black "Van der Weide, Karel"]
[Result "0-1"]
[WhiteElo "2207"]
[BlackElo "2464"]
[PlyCount "118"]
[EventDate "2005.12.26"]
[EventType "swiss"]
[EventRounds "9"]
[EventCountry "FRA"]
[SourceTitle "CBM 110 Extra"]
[Source "ChessBase"]
[SourceDate "2006.03.10"]
[SourceVersion "2"]
[SourceVersionDate "2006.03.10"]
[SourceQuality "1"]

1. d4 Nf6 2. c4 g6 3. Nc3 d5 4. cxd5 Nxd5 5. e4 Nxc3 6. bxc3 Bg7 7. Bc4 c5 8. Be3 Nc6 9. Ne2 0-0 10. Rc1 Bd7 11. h4 cxd4 12. cxd4 Na5 13. Bd3 Rc8 14. h5 Rxc1 15. Qxc1 Qc8 16. 0-0 e6 17. Qb1 b6 18. Rc1 Qb7 19. Rc3 Rc8 20. Qc1 Rxc3 21. Qxc3 Bc6 22. Qc2 Qd7 23. f3 Nb7 24. Kf1 Nd6 25. Nc3 Ne8 26. Ne2 Nf6 27. hxg6 hxg6 28. Nf4 Ne8 29. Bc4 Bxd4 30. Bxd4 Qxd4 31. Nxe6 Qf6 32. e5 Qxe5 33. Nd8 Bd5 34. Nc6 Bxc4+ 35. Qxc4 Qa1+ 36. Kf2 Nd6 37. Qd5 Nf5 38. Qd2 Qf6 39. Nxa7 Qe7 40. g4 Ng7 41. Qd4 Ne6 42. Qxb6 Qh4+ 43. Ke2 Nf4+ 44. Kd1 Qh1+ 45. Kc2 Qxf3 46. Qd8+ Kh7 47. Qd7 Nd5 48. Nb5 Qe2+ 49. Kc1 Qc4+ 50. Kb1 Qb4+ 51. Kc1 Qe1+ 52. Kc2 Ne3+ 53. Kb2 Qb4+ 54. Kc1 Qc4+ 55. Kd2 Nxg4 56. Nc3 Qf4+ 57. Kc2 Ne3+ 58. Kd3 Nc4 59. Qh3+ Kg7 0-1

[Event "Bethune op 26th"]
[Site "Bethune"]
[Date "2005.12.27"]
[Round "2"]
[White "Bacon, Nicolas"]
[Black "Hanley, Craig"]
[Result "0-1"]
[WhiteElo "2207"]
[BlackElo "2388"]
[PlyCount "54"]
[EventDate "2005.12.26"]
[EventType "swiss"]
[EventRounds "9"]
[EventCountry "FRA"]
[SourceTitle "CBM 110 Extra"]
[Source "ChessBase"]
[SourceDate "2006.03.10"]
[SourceVersion "2"]
[SourceVersionDate "2006.03.10"]
[SourceQuality "1"]

1. d4 Nf6 2. c4 g6 3. Nc3 Bg7 4. e4 d6 5. Be2 0-0 6. g4 c5 7. d5 e6 8. g5 Ne8 9. h4 exd5 10. cxd5 f5 11. gxf6 Nxf6 12. Be3 Qe7 13. Qc2 Na6 14. a3 Ng4 15. Bg5 Bf6 16. Nf3 Bxg5 17. hxg5 c4 18. Rf1 Nc5 19. 0-0-0 Bd7 20. Kb1 b5 21. Ka1 a5 22. e5 Bf5 23. exd6 Qb7 24. Ne4 Bxe4 25. Qc3 Bd3 26. Nd4 b4 27. Qd2 Qxd5 0-1

[Event "FRA-chT2B 0506"]
[Site "France"]
[Date "2005.10.16"]
[Round "1.2"]
[White "Silva Lillo, Sebastian"]
[Black "Bacon, Nicolas"]
[Result "1-0"]
[WhiteElo "2324"]
[BlackElo "2207"]
[PlyCount "89"]
[EventDate "2005.10.27"]
[EventType "team-tourn"]
[EventRounds "11"]
[EventCountry "FRA"]
[SourceTitle "EXT 2006"]
[Source "ChessBase"]
[SourceDate "2005.11.24"]
[SourceVersion "1"]
[SourceVersionDate "2005.11.24"]
[SourceQuality "1"]
[WhiteTeam "Clichy II"]
[BlackTeam "Orcher La Tour II"]
[WhiteTeamCountry "FRA"]
[BlackTeamCountry "FRA"]

1. d4 Nf6 2. Nf3 g6 3. Nc3 d5 4. Bf4 Bg7 5. e3 0-0 6. Qe2 c6 7. Ne5 Nbd7 8. Qd2 Ne8 9. h4 f6 10. Nxd7 Bxd7 11. e4 e5 12. dxe5 fxe5 13. Bg5 Qb6 14. 0-0-0 d4 15. Bc4+ Kh8 16. Na4 Qc7 17. Nc5 h5 18. Be6 Nf6 19. Bxd7 Nxd7 20. Ne6 Qd6 21. Nxf8 Rxf8 22. f3 c5 23. Qe2 Nb6 24. c4 Na4 25. Qc2 b5 26. cxb5 Nb6 27. a4 Qe6 28. a5 Nd7 29. b3 c4 30. Qxc4 Qd6 31. Kb2 Rb8 32. b4 Bf8 33. Bd2 Qe7 34. Rc1 Kh7 35. Kb3 Rb7 36. Qc6 Nb8 37. Qd5 Rd7 38. Qc4 Rb7 39. Ka4 Qd7 40. Qd5 Qe7 41. Rc8 Rd7 42. Qc5 Qf7 43. Qc4 Qe7 44. Rxb8 Rc7 45. Qb3 1-0

[Event "Avoine op 20th"]
[Site "Avoine"]
[Date "2005.07.30"]
[Round "8"]
[White "Bacon, Nicolas"]
[Black "Bodicker, Rob"]
[Result "1/2-1/2"]
[WhiteElo "2209"]
[BlackElo "2114"]
[PlyCount "125"]
[EventDate "2005.07.23"]
[EventType "swiss"]
[EventRounds "9"]
[EventCountry "FRA"]
[SourceTitle "EXT 2007"]
[Source "ChessBase"]
[SourceDate "2006.11.23"]
[SourceVersion "1"]
[SourceVersionDate "2006.11.23"]
[SourceQuality "1"]

1. e4 e6 2. d4 d5 3. Nd2 Nf6 4. e5 Nfd7 5. Bd3 c5 6. c3 Nc6 7. Ne2 cxd4 8. cxd4 f6 9. exf6 Nxf6 10. f4 Bd6 11. Nf3 0-0 12. 0-0 Qb6 13. Kh1 Bd7 14. a3 Kh8 15. Qe1 Be7 16. b4 a6 17. Be3 Ng4 18. Bg1 Qd8 19. Qg3 Nh6 20. Qf2 Na7 21. Ne5 Bb5 22. Bc2 Nc6 23. Nxc6 Bxc6 24. Ng3 Bb5 25. Rfe1 Bd6 26. Rxe6 Bxf4 27. Qe1 Qg5 28. Ne2 Bd2 29. Qg3 Qxg3 30. Nxg3 Rae8 31. Rxe8 Rxe8 32. Rd1 Bg5 33. Bb3 Bc4 34. Ba4 Re4 35. h3 g6 36. Bf2 Bf4 37. Kg1 Kg7 38. Nf1 Nf5 39. g3 Bg5 40. h4 Bf6 41. Bc2 Nd6 42. Ne3 h5 43. Kg2 Re8 44. Kf3 g5 45. hxg5 Bxg5 46. Rh1 Rf8+ 47. Kg2 Be2 48. Bd1 Bxe3 49. Bxe3 Bxd1 50. Rxd1 Nc4 51. Bc1 Re8 52. Kf3 Kg6 53. a4 b5 54. axb5 axb5 55. Bf4 Ra8 56. Re1 Kf5 57. Re7 Ra3+ 58. Ke2 h4 59. Rf7+ Ke6 60. Rb7 hxg3 61. Rxb5 Kf5 62. Bc1 Rc3 63. Rxd5+ 1/2-1/2